000 00746nam a2200265Ia 4500
003 OSt
005 20220924120112.0
006 a|||||r|||| 00| 0
007 ta
008 220923b |||||||| |||| 00| 0 urd d
020 _a8189461591 (hbk)
020 _c250
024 _a311963
037 _b2967, 19/03/2009, Kitabi Duniya
_cTextual
040 _aARTS
_cARTS
_burd
041 _2urd
_aurd
082 _aO168,1L20x, P8
100 _aKhalid Alvi
_9180778
245 0 _aMasnaviyat-e-qayim
260 _aDelhi
_bKitabi Duniya India
_c2008
300 _a267p.
_ccm.
650 _aURDU POETRY
942 _hO168,1L20x, P8
_cTEXL
_2CC
999 _c401239
_d401239